Etapas de ejecución del delito. Autoría y participación

Gorde:
Xehetasun bibliografikoak
Egile nagusia: Garrido Montt, Mario (autor)
Formatua: Liburua
Hizkuntza:gaztelania
Argitaratua: Santiago Jurídica de Chile 1984
Gaiak:
Etiketak: Etiketa erantsi
Etiketarik gabe, Izan zaitez lehena erregistro honi etiketa jartzen!

MARC

LEADER 00000nam a2200000 a 4500
001 UCS0185
003 CL-VaPUC
008 970418e19841200CL |||||||||||||||||spa|d
082 0 4 |a 345.02  |b GAR  |2 21 
100 |a Garrido Montt, Mario  |e autor  |9 525675 
245 1 0 |a Etapas de ejecución del delito. Autoría y participación 
300 |a 453 p 
942 |c BK 
945 |d 19970418 00:00:00  |a paguirre 
260 |a Santiago  |b Jurídica de Chile  |c 1984 
650 0 |a Delitos  |9 224143 
650 7 |a EJECUCION  |2 CL-VaPUC  |9 258070 
650 0 |a Responsabilidad penal  |9 254899 
650 0 |a Acción penal  |9 254970 
650 0 |a Antijuridicidad  |9 368501 
650 7 |a ENCUBRIMIENTO  |2 CL-VaPUC  |9 383239 
651 7 |a CHILE  |2 CL-VaPUC  |9 383366 
583 |a last modification  |c 19970418 00:00:00  |k Rodrigo Vera 
999 |c 258426  |d 258424 
952 |0 0  |1 0  |4 0  |6 345_020000000000000_GAR_1984  |7 0  |8 A  |9 282508  |a BIBDER  |b BIBDER  |d 2019-11-19  |i 1831461  |o 345.02 GAR 1984  |p 1831461  |r 2019-11-19  |w 2019-11-19  |y BK  |k DER